000
00302nam a22001337a 4500
008
170731b xxu||||| |||| 00| 0 eng d
020
_a
9780735700505
041
_a
eng
080
_a
004
100
_a
32
101
_a
SHK
245
_a
3D STUDIO MAX 3 MEDIA ANIMATION
_c
CHISMAR,J,P
942
_2
udc
_c
BK
999
_c
22313
_d
22313